The conservation of the family. (Record no. 14656)

000 -LEADER
fixed length control field 00771nam a2200229 a 4500
001 - CONTROL NUMBER
control field :::00012489$&:&@@
003 - CONTROL NUMBER IDENTIFIER
control field OkBaRHE
005 - DATE AND TIME OF LATEST TRANSACTION
control field 20000607103419.0
008 - FIXED-LENGTH DATA ELEMENTS--GENERAL INFORMATION
fixed length control field s1926 j 000 0 eng u
040 ## - CATALOGING SOURCE
Transcribing agency
100 1# - MAIN ENTRY--PERSONAL NAME
Personal name Popenoe, Paul Bowman, 1888-
245 14 - TITLE STATEMENT
Title The conservation of the family.
260 ## - PUBLICATION, DISTRIBUTION, ETC. (IMPRINT)
Place of publication, distribution, etc Baltimore, MD., :
Name of publisher, distributor, etc Williams and Wilkins Co.
Date of publication, distribution, etc 1926
300 ## - PHYSICAL DESCRIPTION
Extent ix, 266 p. ;
Dimensions 23 cm.
490 0# - SERIES STATEMENT
Series statement The history of hereditarian thought, v. 25.
650 ## - SUBJECT ADDED ENTRY--TOPICAL TERM
Topical term or geographic name as entry element Eugenics
General subdivision United States
650 ## - SUBJECT ADDED ENTRY--TOPICAL TERM
Topical term or geographic name as entry element Family
General subdivision United States
650 ## - SUBJECT ADDED ENTRY--TOPICAL TERM
Topical term or geographic name as entry element Marriage
General subdivision United States
650 ## - SUBJECT ADDED ENTRY--TOPICAL TERM
Topical term or geographic name as entry element Sterilization (Birth Control)
General subdivision United States
942 ## - ADDED ENTRY ELEMENTS (KOHA)
Source of classification or shelving scheme
Koha item type Books
Copies
Shelving location Not for loan Full call number Koha item type Withdrawn status Date last seen Damaged status Permanent Location Source of classification or shelving scheme Lost status Price effective from Barcode Copy number Date acquired
General Stacks HQ 734 .P7555Books 2010-04-14 RHEMA Bible Training College  2010-04-141248912010-04-14